KPOP GROUP start with letter "N" (2026update) - Statistics

General Stats
  • This quiz has been taken 91 times
    4 since last reset
  • The average score is 5 of 16
Answer Stats
Answer % Correct
M NCT
75%
F NMIXX
75%
F NATURE
50%
F NewJeans
50%
M NEXZ
50%
F NiziU
50%
M NEWBEAT
25%
M N.Flying
25%
M NouerA
25%
M NOWZ
25%
M NU’EST
25%
M NAZE
0%
M NELL
0%
M NRG
0%
M n.SSign
0%
M NTX
0%
No matching quizzes found
Score Distribution
Percent of People with Each Score
Percentile by Number Answered
Your Score History
You have not taken this quiz since the last reset